Význam medzinárodných predpisov IFRS pri zisťovaní daňových únikov vybraných subjektov
Saved in:
| Main Author: | |
|---|---|
| Other Authors: | |
| Format: | Book Chapter |
| Language: | Slovak |
| Tags: |
No Tags, Be the first to tag this record!
|
MARC
| LEADER | 00000naa$a2200000$$$4500 | ||
|---|---|---|---|
| 001 | 0184879 | ||
| 005 | 20240502073153.8 | ||
| 041 | 0 | |a slo | |
| 044 | |a SK | ||
| 245 | 1 | 0 | |a Význam medzinárodných predpisov IFRS pri zisťovaní daňových únikov vybraných subjektov |c Miloš Tumpach, Martina Kováčiková |
| 100 | 1 | |a Tumpach, Miloš, 1970- | |
| 700 | 1 | |a Kováčiková, Martina, 1985- | |